[Event "New York Marshall Spring IM"]
[Site "New York"]
[Date "2020.02.27"]
[Round "2"]
[White "Noboa Silva, Kevin Omar"]
[Black "Sarkar, Jitu"]
[Result "0-1"]
[WhiteElo "2329"]
[BlackElo "2373"]
[PlyCount "58"]
[EventDate "2020.02.27"]
[EventType "tourn"]
[EventRounds "9"]
[EventCountry "USA"]
[EventCategory "3"]
[SourceTitle "CBM 195 Extra"]
[Source "ChessBase"]
[SourceDate "2020.05.31"]
[SourceVersion "1"]
[SourceVersionDate "2020.05.31"]
[SourceQuality "1"]

1. d4 Nf6 2. c4 e6 3. Nc3 Bb4 4. e3 0-0 5. Nge2 d5 6. a3 Be7 7. Ng3 c5 8. dxc5 dxc4 9. Qc2 Qa5 10. Bxc4 Qxc5 11. Qe2 b6 12. b4 Qc6 13. 0-0 Bb7 14. e4 Rc8 15. Bd3 Qxc3 16. Be3 Rd8 17. Rfd1 Nc6 18. f4 Nd4 19. Bxd4 Qxd4+ 20. Kh1 Qc3 21. e5 Nd5 22. Ne4 Qxa1 23. Rxa1 Nxf4 24. Qg4 Nxd3 25. Rf1 Bxe4 26. h4 Rd4 27. h5 h6 28. Kh2 Rad8 29. Qg3 Nxe5 0-1